000 00873nam a2200289Ia 4500
003 OSt
005 20221005042729.0
006 a|||||r|||| 00| 0
007 ta
008 221004b |||||||| |||| 00| 0 eng d
020 _a1563088002
_c900
024 _a82759
037 _bATB/5/403, 30/03/2005, Ashutosh Technical Books
_cTextual
040 _aCRL
_cCRL
_beng
041 _2eng
_aeng
082 _a2:51, P1
100 _aOlson Hope A
_9145958
245 0 _aSubject analysis in Online catalogues
250 _a2nd
260 _aEaglewood
_bLibraries Unlimited U. K.
_c2001
300 _a333p.
_ccm.
650 _a LIBRARY SCIENCE
650 _aLIBRARY CLASSIFICATION
_9155549
700 _a Boll John J
942 _h2:51, P1
_cTEXL
_2cc
999 _c950771
_d950771